000 00528nam a2200169 a 4500
005 20140412111246.0
008 001214s19uu xx 00 eng d
020 _a971-511-315-X
050 _aFIL E
_bBa11 1999
100 _aReyes, Yna S.
245 _aAng bagong kaibigan ni Bing butiki /
_ckuwento ni Yna S. Reyes ; guhit ni Boyet R. Fallorina.
260 _aManila :
_bOMF Literature Inc,
_c1993.
300 _a1 v. (unp.) ; ill.
650 _aLizard's stories -- Fiction - Filipino
999 _c102932
_d102932